000 00985nam a22002897a 4500
003 BUBTL
008 131006b xxu||||| |||| 00| 0 eng d
020 _a9788126510900
024 _cAvailable
037 _cAvailble
040 _aMBSTU LIBRARY
_dMBSTU LIBRARY
082 _222
_a621.317/
100 _aMohan, Ned.
_92801
245 _aPower Electronics:
_bConverters, Applications, and Design /
_cNed Mohan, Tore M. Undeland, William P. Robbins
250 _a3rd Edn.
260 _aNew York:
_bJohn Wiley and Sons,
_cc1995.
270 _aNew York
_bNew York
_dUSA
300 _axvii,802 p.:
_bill.;
_c24 cm.
365 _b363.00
_d363.00
500 _aIncludes Index
505 _aPower electronics, Converters, Applications, and Design, Ned Mohan, Tore M. Undeland, William P. Robbins
600 _2Control devices.
650 0 _2Control devices.
_94295
_aElectrical and Electronic Engineering
856 _k0
_l0
_yDownload
942 _2ddc
_cBK
999 _c695
_d695